000 00632nam a2200205 a 4500
001 24430
003 CO-ViMGA
008 141112s2004 ck r 000 u spa d
020 _a9789589177631
040 _aCO-ViMGA
_bspa
_cCO-ViMGA
090 _aC DEVD
245 1 0 _aLeer es mi cuento 1 de viva voz :
_brelatos y poemas para leer juntos
260 _aBogotá :
_bMinistério da Cultura,
_c2011
300 _a32 p. : il. col.
490 _aLeer es mi cuento ;
_v1
650 1 4 _aCUENTOS CLASICOS - COLECCIONES
_98157
650 1 4 _aDESDE LOS 6 AÑOS
_98158
650 1 4 _aLEER ES MI CUENTO - COLECCION 2011
_93390
942 _2ddc
_cBK
999 _c2327
_d2327